Applied Microsoft Business Intelligence: (Record no. 347124)
[ view plain ]
| 000 -LEADER | |
|---|---|
| fixed length control field | 00414nam a2200109Ia 4500 |
| 008 - FIXED-LENGTH DATA ELEMENTS--GENERAL INFORMATION | |
| fixed length control field | 171204s9999 xx 000 0 und d |
| 245 ## - TITLE STATEMENT | |
| Title | Applied Microsoft Business Intelligence: |
| 245 ## - TITLE STATEMENT | |
| Statement of responsibility, etc | Dejan Sarka, Dustin Ryan, Jessica M. Moss, and Patrick LeBlanc |
| 260 ## - PUBLICATION, DISTRIBUTION, ETC. (IMPRINT) | |
| Date of publication, distribution, etc | 2015 |
| 650 ## - SUBJECT ADDED ENTRY--TOPICAL TERM | |
| General subdivision | BUSINESS INTELLIGENCE AND ANALYTICS |
| 856 ## - ELECTRONIC LOCATION AND ACCESS | |
| Uniform Resource Identifier | <a href="http://down.ebook777.com/015/Applied%20Microsoft%20Business%20Intelligence.pdf">http://down.ebook777.com/015/Applied%20Microsoft%20Business%20Intelligence.pdf</a> |
| Withdrawn status | Lost status | Damaged status | Home library | Current library | Date acquired | Total Checkouts | Date last seen | Price effective from | Koha item type |
|---|---|---|---|---|---|---|---|---|---|
| College Library | College Library | 12/04/2017 | 12/04/2017 | 12/04/2017 | Curriculum - Based eBooks |